Statistics for SMITE Hunters

Click here to take the quiz!

General Stats

  • This quiz has been taken 108 times
  • The average score is 14 of 18

Answer Stats

Year AddedPantheonGod% Correct
2012GreekArtemis
92%
2012EgyptianAnhur
87%
2013EgyptianNeith
87%
2013GreekApollo
85%
2014NorseUllr
85%
2014HinduRama
83%
2013MayanAh Muzen Cab
80%
2018SlavicChernobog
80%
2012RomanCupid
78%
2017JapaneseHachiman
78%
2012MayanXbalanque
78%
2016NorseSkadi
77%
2015ChineseHou Yi
75%
2016JapaneseIzanami
73%
2017CelticCernunnos
65%
2016ChineseJing Wei
65%
2015GreekMedusa
53%
2015GreekChiron
50%

Score Distribution

Percentile by Number Answered

Percent of People with Each Score

Your Score History

You have not taken this quiz